| 000 | 00425nam a2200133Ia 4500 | ||
|---|---|---|---|
| 005 | 20260328104304.0 | ||
| 008 | 260328s9999||||xx |||||||||||||| ||und|| | ||
| 100 | _aSpino, Nilson | ||
| 245 | 0 |
_aLos Asentamientos InFormales en el Área Metropolitana de Panamá.Cuantificación e implicación pra la politica de Vivienda y Urbanismo. / _cNilson Spino |
|
| 260 | _bMcGill | ||
| 300 | _a28 p. | ||
| 650 | _aPANAMÁ | ||
| 942 | _cBK | ||
| 999 |
_c10711 _d10711 |
||